000 00311nam a22001457a 4500
008 210305b ||||| |||| 00| 0 eng d
020 _a9781285053493
041 _aeng
080 _29th
_a37
082 _a37
100 _a25
101 _aEDU
245 _aEntrepreneurship
_cKuratko, D.F
942 _2udc
_cBK
999 _c55842
_d55842